00400nam a2200133Ia 4500008004100000020001500041100002800056245002600084250000800110260003500118300000700153952009100160999001500251211105s9999 xx 000 0 und d aVYASA15446 aAkhandananda Saraswathi 0aVah Sanyasi Nahi Jo.. a1st bSatsahitya prakashan trustc\N a32 00104070aSVYASAbSVYASAd2010-06-22l0p14167r2021-11-09 00:00:00w2021-11-09yBKS c9886d9886